How English works : (Record no. 772)

MARC details
000 -LEADER
fixed length control field 00655nam a22002057a 4500
005 - DATE AND TIME OF LATEST TRANSACTION
control field 20250420134824.0
008 - FIXED-LENGTH DATA ELEMENTS--GENERAL INFORMATION
fixed length control field 211116b ||||| |||| 00| 0 eng d
020 ## - INTERNATIONAL STANDARD BOOK NUMBER
International Standard Book Number 9780521657587
040 ## - CATALOGING SOURCE
Transcribing agency KCST
082 ## - DEWEY DECIMAL CLASSIFICATION NUMBER
Classification number 428.24
Item number Ra Ho
100 ## - MAIN ENTRY--PERSONAL NAME
Personal name Raimes, Ann
Dates associated with a name 1938-
9 (RLIN) 5577
245 ## - TITLE STATEMENT
Title How English works :
Remainder of title a grammar handbook with readings /
Statement of responsibility, etc. Ann Raimes
260 ## - PUBLICATION, DISTRIBUTION, ETC.
Place of publication, distribution, etc. Cambridge:
Name of publisher, distributor, etc. Cambridge University Press,
Date of publication, distribution, etc. ©1998.
300 ## - PHYSICAL DESCRIPTION
Extent 389 p.
650 ## - SUBJECT ADDED ENTRY--TOPICAL TERM
Topical term or geographic name entry element English language
Form subdivision Textbooks for foreign speakers.
9 (RLIN) 4734
650 ## - SUBJECT ADDED ENTRY--TOPICAL TERM
Topical term or geographic name entry element English language
Form subdivision Grammar
-- Handbooks, manuals, etc.
9 (RLIN) 5578
650 ## - SUBJECT ADDED ENTRY--TOPICAL TERM
Topical term or geographic name entry element English language.
9 (RLIN) 2090
942 ## - ADDED ENTRY ELEMENTS (KOHA)
Koha item type Book
942 ## - ADDED ENTRY ELEMENTS (KOHA)
Source of classification or shelving scheme Dewey Decimal Classification
Holdings
Withdrawn status Lost status Source of classification or shelving scheme Damaged status Not for loan Home library Current library Date acquired Cost, normal purchase price Total checkouts Full call number Barcode Date last seen Cost, replacement price Price effective from Koha item type
    Dewey Decimal Classification     KCST Library KCST Library 16/11/2021 7.00   428.24 Ra Ho 1000000956 16/11/2021 7.00 16/11/2021 Book
    Dewey Decimal Classification     KCST Library KCST Library 16/11/2021 7.00   428.24 Ra Ho 1000000957 16/11/2021 7.00 16/11/2021 Book
    Dewey Decimal Classification     KCST Library KCST Library 16/11/2021 7.00   428.24 Ra Ho 1000000958 16/11/2021 7.00 16/11/2021 Book
© 2025 KCST. All rights reserved